| 000 | 00748nam a2200205Ia 4500 | ||
|---|---|---|---|
| 003 | GCL | ||
| 008 | 140319s9999 xx 000 0 ara d | ||
| 020 | _a1092215977 | ||
| 040 |
_aGCL / _cGCL |
||
| 082 | 0 | 4 |
_aق _b309.262 _bح م |
| 100 | 1 | _aالسيد الحسينى | |
| 245 | 1 | 0 |
_aالمجتمعات الجديدة بين العالمية والمحلية : _bدراسة للحالة المصرية / _cالسيد الحسينى |
| 700 | 1 | _aحامد عبده الهادى | |
| 260 |
_aالقاهرة : _bمكتبة غريب ، _c1993 |
||
| 300 |
_a407 ص ؛ _c24 سم |
||
| 650 | 0 | 4 | _aتخطيط المدن - مصر |
| 650 | 0 | 4 | _aتخطيط المدن - بريطانيا |
| 650 | 0 | 4 | _aالمدن الجديدة - مصر |
| 942 |
_2ddc _cBK |
||
| 999 |
_c47731 _d47731 |
||